000 00640nam a2200277Ia 4500
005 20260324120823.0
008 008 260324s9999 xx 000 0 eng d
020 _a9780203630181
037 _aEBOOK
040 _aCRL
040 _beng
040 _cCRL
041 _2eng
041 _aeng
084 _qCRL
100 _aLewis Johnson
_91160099
245 0 _aMobility and Fantasy in Visual Culture
260 _bTaylor and Francis
260 _c2014
365 _a
365 _b240
856 _uhttp://www.taylorfrancis.com/books/9780203630181
942 _cEBOOK
999 _c1751822
_d1751822